2020 UEFA European Championship Cities - Statistics

General Stats
  • This quiz has been taken 20 times
  • The average score is 8 of 11
Answer Stats
Picture Answer % Correct
London
100%
Rome
89%
Amsterdam
84%
Budapest
84%
Copenhagen
74%
Munich
74%
Seville
68%
Baku
58%
Bucharest
53%
Saint Petersburg
53%
Glasgow
47%
No matching quizzes found
Score Distribution
Percent of People with Each Score
Percentile by Number Answered
Your Score History
You have not taken this quiz